| 000 | 01195nam a2200277Ia 4500 | ||
|---|---|---|---|
| 999 |
_c5285 _d5285 |
||
| 003 | OSt | ||
| 005 | 20200515121152.0 | ||
| 008 | 191128s9999 xx 000 0 und d | ||
| 020 | _a9589272649 | ||
| 040 |
_aCO-JMCR _cCO-JMCR |
||
| 041 | 0 | _aspa | |
| 082 | 0 | 4 |
_a328.369 / _bP391o _223 |
| 100 | 1 |
_aPizarro Leongómez, Eduardo, _eautor _94379 |
|
| 245 | 1 | 3 |
_aLa oposición política en Colombia / _cEduardo Pizarro Leongómez, Alvaro Villarraga Sarmiento y Francisco Gutiérrez Sanín |
| 250 | _a1a edición | ||
| 260 |
_aBogotá : _bFundación Friedrich Ebert de Colombia : Instituto de Estudios Políticos y Relaciones Internacionales, _c1996 |
||
| 300 |
_a90 páginas ; _c20 cm. |
||
| 490 | 0 | _aDebate político | |
| 504 | _aBibliografía: página 90 | ||
| 505 | 0 | _aFundamentos y propuestas para una reforma política en Colombia -- Pluralización política y oposición -- Fuerzas no bipartidistas y desarrollo de las instancias participativas | |
| 650 | 1 | 4 |
_aReforma política _zColombia _94380 |
| 651 | 1 |
_aColombia _xPolítica y gobierno _94381 |
|
| 700 | 1 |
_aVillarraga Sarmiento, Alvaro, _eautor _94382 |
|
| 700 | 1 |
_aGutiérrez Sanín, Francisco, _eautor _94383 |
|
| 942 |
_2ddc _cBK |
||